The Periodic Table of Elements Symbols Quiz - Statistics

General Stats
  • This quiz has been taken 193 times
  • The average score is 68 of 118
Answer Stats
Hint Answer % Correct
Hydrogen H
98%
Helium He
96%
Boron B
95%
Carbon C
94%
Fluorine F
94%
Lithium Li
94%
Nitrogen N
94%
Neon Ne
94%
Oxygen O
94%
Beryllium Be
92%
Chlorine Cl
88%
Sulfur S
88%
Aluminum Al
87%
Argon Ar
87%
Magnesium Mg
87%
Phosphorus P
87%
Silicon Si
84%
Calcium Ca
81%
Cobalt Co
81%
Sodium Na
81%
Nickel Ni
81%
Titanium Ti
81%
Vanadium V
81%
Chromium Cr
80%
Manganese Mn
79%
Scandium Sc
79%
Zinc Zn
79%
Bromine Br
78%
Germanium Ge
78%
Krypton Kr
78%
Iron Fe
77%
Gallium Ga
77%
Rubidium Rb
77%
Arsenic As
76%
Potassium K
75%
Selenium Se
75%
Strontium Sr
75%
Yttrium Y
75%
Zirconium Zr
71%
Molybdenum Mo
70%
Niobium Nb
70%
Copper Cu
68%
Indium In
68%
Rhodium Rh
68%
Ruthenium Ru
68%
Palladium Pd
67%
Technetium Tc
67%
Barium Ba
65%
Silver Ag
64%
Cadmium Cd
64%
Cesium Cs
64%
Iodine I
64%
Xenon Xe
64%
Cerium Ce
63%
Lanthanum La
63%
Tellurium Te
61%
Praseodymium Pr
59%
Neodymium Nd
56%
Europium Eu
53%
Hafnium Hf
53%
Samarium Sm
53%
Dysprosium Dy
52%
Erbium Er
52%
Gadolinium Gd
52%
Holmium Ho
52%
Iridium Ir
52%
Osmium Os
52%
Tantalum Ta
52%
Gold Au
51%
Lutetium Lu
51%
Tin Sn
51%
Terbium Tb
49%
Ytterbium Yb
49%
Promethium Pm
48%
Rhenium Re
48%
Astatine At
46%
Bismuth Bi
46%
Francium Fr
46%
Polonium Po
46%
Radium Ra
46%
Actinium Ac
45%
Lead Pb
45%
Thorium Th
45%
Uranium U
45%
Radon Rn
44%
Thallium Tl
44%
Thulium Tm
44%
Tungsten W
44%
Platinum Pt
43%
Americium Am
42%
Neptunium Np
42%
Antimony Sb
42%
Berkelium Bk
40%
Curium Cm
40%
Mercury Hg
39%
Protactinium Pa
39%
Plutonium Pu
39%
Californium Cf
36%
Nobelium No
33%
Fermium Fm
32%
Mendelevium Md
31%
Einsteinium Es
30%
Lawrencium Lr
28%
Dubnium Db
27%
Rutherfordium Rf
26%
Bohrium Bh
24%
Hassium Hs
24%
Meitnerium Mt
23%
Seaborgium Sg
23%
Oganesson Og
22%
Flerovium Fl
20%
Livermorium Lv
20%
Moscovium Mc
20%
Nihonium Nh
20%
Copernicium Cn
19%
Darmstadtium Ds
18%
Roentgenium Rg
18%
Tennessine Ts
18%
No matching quizzes found
Score Distribution
Percent of People with Each Score
Percentile by Number Answered
Your Score History
You have not taken this quiz